[Event "Women's Speed Chess Q4"]
[Site "chess.com INT"]
[Date "2021.06.03"]
[Round "8"]
[White "Vargas, Gabriela"]
[Black "Nikolova, Adriana"]
[Result "1/2-1/2"]
[WhiteTitle "WIM"]
[BlackTitle "WGM"]
[WhiteElo "2170"]
[BlackElo "2243"]
[WhiteFideId "3700860"]
[BlackFideId "2908689"]
[EventDate "2021.06.03"]

1. d4 d5 2. Nf3 Nf6 3. Bg5 Ne4 4. Bf4 c5 5. c3 Nc6 6. e3 Qb6 7. Qb3 c4 8. Qxb6
axb6 9. Nbd2 Bf5 10. Nxe4 Bxe4 11. Be2 e6 12. a3 Na5 13. O-O Nb3 14. Rad1 Be7
15. Bc7 b5 16. Kh1 O-O 17. Ne5 Rfc8 18. Bb6 Ra6 19. Bc5 Bxc5 20. dxc5 Nxc5 21.
f3 Bc2 22. Rd2 Bg6 23. Nxg6 hxg6 24. e4 dxe4 25. fxe4 Nxe4 26. Rd7 Nf6 27. Rxb7
Rc5 28. Rd1 g5 29. h3 Re5 30. Bf3 Ra8 31. Rd6 Rc8 32. Rdb6 Rcc5 33. Ra6 Ne4 34.
Ra8+ Kh7 35. Rxf7 Ng3+ 36. Kh2 Nf5 37. Bh5 g4 38. hxg4 Nd6 39. Rff8 Kh6 40. Rh8+
Kg5 41. Rag8 Kf4 42. Rxg7 Ke3 43. Rd8 Ne4 44. Rf7 Nf2 45. Rf3+ Ke2 46. Kg3 Nd3
47. Rdf8 Re3 48. Rxe3+ Kxe3 49. Rf3+ Kd2 50. Kh4 Kc1 51. g5 Kxb2 52. g6 Ne5 53.
g7 Nxf3+ 54. gxf3 Rc8 55. Bf7 Kxc3 56. g8=Q Rxg8 57. Bxg8 e5 58. Bd5 b4 59. axb4
Kxb4 60. Kg4 c3 61. Be4 Kc4 62. Kf5 Kd4 63. Bc2 Ke3 64. Be4 c2 65. Bxc2 Kxf3 66.
Kxe5 1/2-1/2

[Event "Women's Speed Chess Q4"]
[Site "chess.com INT"]
[Date "2021.06.03"]
[Round "8"]
[White "Batsiashvili, Nino"]
[Black "Socko, Monika"]
[Result "1/2-1/2"]
[WhiteTitle "GM"]
[BlackTitle "GM"]
[WhiteElo "2491"]
[BlackElo "2421"]
[WhiteFideId "13602993"]
[BlackFideId "1106619"]
[EventDate "2021.06.03"]

1. d4 Nf6 2. c4 e6 3. Nc3 Bb4 4. e3 O-O 5. Bd3 d5 6. Nf3 b6 7. Bd2 Ba6 8. Qb3 c5
9. O-O Nc6 10. Nb5 Na5 11. Qc2 dxc4 12. Bxc4 Nxc4 13. Qxc4 Bxd2 14. Nxd2 cxd4
15. exd4 Rc8 16. Qd3 Bxb5 17. Qxb5 Qxd4 18. Nf3 Qd5 19. Qa6 Rc7 20. Rfd1 Qe4 21.
Rac1 Re7 22. Rd4 Qb7 23. Qxb7 Rxb7 24. Ne5 Nd5 25. b4 f6 26. Nc6 Rd7 27. b5 Kf7
28. f4 g6 29. Kf2 Re8 30. a4 h6 31. Re1 g5 32. g3 gxf4 33. gxf4 Rg8 34. Rg1 Rxg1
35. Kxg1 Ke8 36. Kf2 Nc3 37. Rc4 Nd5 38. Rd4 Ne7 39. Re4 Kf7 40. Re2 Nf5 41. Re4
Rd2+ 42. Ke1 Rxh2 43. Nxa7 h5 44. Rc4 h4 45. Rc7+ Kg6 46. Rc8 h3 47. Rh8 Nh6 48.
Kf1 Ra2 49. Kg1 e5 50. fxe5 fxe5 51. Nc8 Rxa4 52. Nxb6 Rb4 53. Nd7 Rxb5 54. Kh2
e4 55. Kxh3 e3 56. Kg3 Rf5 57. Re8 Rf7 58. Ne5+ Kf6 59. Nxf7 Kxf7 60. Re4 Kf6
61. Kf3 Nf5 62. Rf4 Ke5 63. Rxf5+ Kxf5 64. Kxe3 1/2-1/2

[Event "Women's Speed Chess Q4"]
[Site "chess.com INT"]
[Date "2021.06.03"]
[Round "8"]
[White "Kairbekova, Amina"]
[Black "Von Herman, Brigitte"]
[Result "1-0"]
[WhiteTitle "WFM"]
[BlackTitle "WFM"]
[WhiteElo "2132"]
[BlackElo "1991"]
[WhiteFideId "13712799"]
[BlackFideId "4628730"]
[EventDate "2021.06.03"]

1. e4 e5 2. Nf3 Nc6 3. Nc3 Nf6 4. Be2 Bb4 5. O-O d6 6. d3 h6 7. Nd5 Nxd5 8. exd5
Ne7 9. c4 Bc5 10. b4 Bb6 11. Qc2 O-O 12. a4 a6 13. Bb2 Ng6 14. d4 exd4 15. Nxd4
Qg5 16. g3 Bh3 17. Rfe1 Rfe8 18. Bf3 Bg4 19. Bg2 Qh5 20. c5 Ba7 21. f3 Bd7 22.
f4 Nf8 23. Qc3 f6 24. Nb3 Rab8 25. h3 Qf7 26. g4 h5 27. f5 hxg4 28. hxg4 Nh7 29.
Kf2 Ng5 30. Nd4 Rxe1 31. Rxe1 Bxa4 32. Ne6 Nxe6 33. fxe6 Qe7 34. Rc1 dxc5 35.
bxc5 c6 36. d6 Qxe6 37. Kg3 Re8 38. Qd4 Bb5 39. Re1 Qxe1+ 40. Kh3 Qe3+ 41. Kh4
Qxd4 42. Bxd4 Bd3 43. Kg3 Bg6 44. Kf4 Be4 45. Bf1 Bg2 46. Bxg2 Re1 47. Bf3 Rb1
48. Be2 Rb4 49. Ke3 Rxd4 50. Kxd4 Bb6 51. Bc4+ Kf8 52. cxb6 a5 53. Kc5 a4 54.
Kb4 Ke8 55. Kxa4 Kd7 56. Kb4 Kxd6 57. Bf7 c5+ 58. Kb5 Ke5 59. Kxc5 Kf4 60. Kd6
Kxg4 61. Kc7 f5 62. Be6 Kg5 63. Kxb7 f4 64. Bc4 f3 65. Kc7 1-0

[Event "Women's Speed Chess Q4"]
[Site "chess.com INT"]
[Date "2021.06.03"]
[Round "8"]
[White "Papp, Petra"]
[Black "Pavlidou, Ekaterini"]
[Result "0-1"]
[WhiteTitle "WGM"]
[BlackTitle "WIM"]
[WhiteElo "2336"]
[BlackElo "2157"]
[WhiteFideId "739049"]
[BlackFideId "4213262"]
[EventDate "2021.06.03"]

1. e4 c5 2. Nf3 Nc6 3. Nc3 Nf6 4. d4 cxd4 5. Nxd4 e6 6. a3 Bc5 7. Nb3 Be7 8. Bf4
d5 9. exd5 exd5 10. Qd2 O-O 11. O-O-O Be6 12. Kb1 a6 13. h3 b5 14. Ne2 Ne4 15.
Qe3 b4 16. a4 Na5 17. f3 Nxb3 18. cxb3 Nc5 19. Nd4 Rc8 20. Be2 Bf6 21. Nxe6 Nxe6
22. Bxa6 d4 23. Qd2 Rc5 24. Bd3 Qd5 25. Bc2 Rfc8 26. Rc1 d3 27. Bxd3 Rxc1+ 28.
Rxc1 Rxc1+ 29. Qxc1 Qxd3+ 30. Ka2 Nxf4 31. Qxf4 h6 32. Qxb4 Qc2 33. Qa3 Qxg2 34.
a5 Qxf3 35. a6 Qa8 36. b4 Be7 37. Kb3 Qa7 38. Qa4 g5 39. b5 Bc5 40. Qc4 Kg7 41.
Qd3 Qb6 42. Ka4 h5 43. b4 Bd4 44. Qf5 f6 45. Qd7+ Kg6 46. Qe8+ Kf5 47. Qxh5 Kf4
48. Qg4+ Ke3 49. Qg1+ Kd3 50. Qd1+ Ke4 51. Qg4+ Kd5 52. Qf5+ Be5 53. Qd7+ Ke4
54. Qg4+ Ke3 55. Qf5 Kd4 56. Qg4+ Kc3 57. h4 Qf2 58. Qh3+ Kc4 59. Qb3+ Kd4 60.
b6 Ke4 61. Qc4+ Kf5 62. b7 Qb6 0-1

[Event "Women's Speed Chess Q4"]
[Site "chess.com INT"]
[Date "2021.06.03"]
[Round "8"]
[White "Buksa, Nataliya"]
[Black "Dordzhieva, Dinara"]
[Result "1/2-1/2"]
[WhiteTitle "IM"]
[BlackTitle "WGM"]
[WhiteElo "2414"]
[BlackElo "2334"]
[WhiteFideId "14123622"]
[BlackFideId "24157570"]
[EventDate "2021.06.03"]

1. e4 c5 2. b3 e5 3. Bb2 Nc6 4. Bc4 Nf6 5. Nc3 a6 6. a4 d6 7. Nge2 Be7 8. O-O
Be6 9. f4 Bxc4 10. bxc4 exf4 11. Nxf4 Ne5 12. d3 O-O 13. Ncd5 Nxd5 14. Nxd5 Bg5
15. Bxe5 dxe5 16. Qg4 g6 17. Rab1 h5 18. Qg3 Bf4 19. Nxf4 exf4 20. Qxf4 Qd7 21.
a5 Rac8 22. Rf2 Rfe8 23. h3 Re7 24. Rb6 Rc6 25. Rb3 Qd8 26. Qg5 Qc7 27. Rb1 Rce6
28. Qd5 Rd7 29. Qg5 Qxa5 30. Rbf1 Qc7 31. Rf6 Rde7 32. Rxe6 Rxe6 33. Rf6 Qe7 34.
e5 Rxe5 35. Qf4 Re1+ 36. Kh2 Re2 37. Rb6 Kg7 38. c3 h4 39. d4 Re4 40. Qd6 Qg5
41. Rb2 cxd4 42. cxd4 Rf4 43. Qe5+ Qxe5 44. dxe5 Rxc4 45. Rxb7 Rc6 46. Ra7 Re6
47. Kg1 Rxe5 48. Rxa6 Re2 49. Kf1 Rb2 50. Rc6 g5 51. Ra6 f6 52. Rc6 Kg6 53. Ra6
Rc2 54. Rb6 Kf5 55. Ra6 Kf4 56. Rxf6+ Ke5 57. Rf8 Ra2 58. Kg1 Ra1+ 59. Kf2 Ra2+
60. Kf3 Ra3+ 61. Kf2 Rg3 62. Rf7 Ra3 63. Rf8 Ke6 64. Kg1 Ra2 65. Rf2 Ra1+ 66.
Kh2 Ke5 67. Re2+ Kf4 68. Rf2+ Ke4 69. Re2+ Kf5 70. Rf2+ Kg6 71. Re2 Ra3 72. Rf2
Rb3 73. Re2 1/2-1/2

[Event "Women's Speed Chess Q4"]
[Site "chess.com INT"]
[Date "2021.06.03"]
[Round "8"]
[White "Zhai, Mo"]
[Black "Daulyte-Cornette, Deimante"]
[Result "1-0"]
[WhiteTitle "WGM"]
[BlackTitle "IM"]
[WhiteElo "2366"]
[BlackElo "2387"]
[WhiteFideId "8600201"]
[BlackFideId "12802859"]
[EventDate "2021.06.03"]

1. d4 d6 2. Nf3 Nf6 3. c4 g6 4. Nc3 Bf5 5. g3 Ne4 6. Nxe4 Bxe4 7. Bg2 Bg7 8. O-O
O-O 9. Bg5 h6 10. Be3 Nd7 11. h4 c5 12. Rc1 Rc8 13. Qd2 Kh7 14. Rfd1 f5 15. dxc5
Nxc5 16. b4 Ne6 17. Bh3 b6 18. a4 Qd7 19. Nd4 Nxd4 20. Bxd4 Qxa4 21. Ra1 Qd7 22.
Bxg7 Kxg7 23. Qd4+ Kh7 24. Qxe4 fxe4 25. Bxd7 Rxc4 26. Rxa7 Rxb4 27. Be6 Kg7 28.
Rxd6 Rb2 29. Bc4 Re8 30. Re6 b5 31. Rexe7+ Rxe7 32. Rxe7+ Kf6 33. Re6+ Kf5 34.
Rb6 b4 35. Kg2 g5 36. Rxh6 Rc2 37. Rc6 b3 38. Rc5+ Kf6 39. hxg5+ Kg7 40. Rc7+
Kg6 41. Bf7+ Kxg5 42. Rb7 b2 43. Ba2 Rxe2 44. Kf1 Rc2 45. Ke1 Kf6 46. Kf1 Rc1+
47. Kg2 Rc2 48. Bb1 Re2 49. Kf1 Rd2 50. Bxe4 Ke5 51. Bg6 Kd4 52. Kg2 Kc3 53. g4
Rd1 54. Kg3 Rd6 55. Bf5 Rd4 56. f4 Rd1 57. g5 Rg1+ 58. Kf3 Rf1+ 59. Kg4 Rg1+ 60.
Kh5 Rf1 61. g6 Rxf4 62. Kg5 Rf1 63. g7 Rg1+ 64. Kf6 1-0

[Event "Women's Speed Chess Q4"]
[Site "chess.com INT"]
[Date "2021.06.03"]
[Round "8"]
[White "Varshini, V"]
[Black "Belenkaya, Dina"]
[Result "0-1"]
[WhiteTitle "WGM"]
[BlackTitle "WGM"]
[WhiteElo "2226"]
[BlackElo "2304"]
[WhiteFideId "5091241"]
[BlackFideId "24142654"]
[EventDate "2021.06.03"]

1. e4 d5 2. exd5 Qxd5 3. Nc3 Qe5+ 4. Be2 c6 5. Nf3 Qc7 6. O-O Nf6 7. d4 Bf5 8.
h3 e6 9. Ne5 Bd6 10. f4 h5 11. Be3 Nbd7 12. a3 h4 13. Bf3 Nb6 14. Ne2 c5 15. Kh1
Rd8 16. c3 Nbd5 17. Bd2 c4 18. Qe1 Bd3 19. Nxd3 cxd3 20. Nc1 Nxf4 21. Bxf4 Bxf4
22. Nxd3 Bg3 23. Qe2 Nd5 24. Bxd5 Rxd5 25. Qg4 O-O 26. Ne5 Bxe5 27. dxe5 Qxe5
28. Qxh4 Rd2 29. Rf2 Rfd8 30. Raf1 f5 31. Qg5 Rd1 32. Qf4 Qxf4 33. Rxf4 Rxf1+
34. Rxf1 Rd2 35. Rb1 Kf7 36. a4 e5 37. a5 e4 38. b4 Rc2 39. Rf1 Ke6 40. Rb1 e3
41. Kg1 Ke5 42. Kf1 Ke4 43. b5 Rxc3 44. Ke2 Rc2+ 45. Kf1 f4 46. b6 a6 47. Rb4+
Kd3 48. Rb3+ Kd2 49. Rb1 g5 50. Ra1 Rb2 51. Kg1 e2 52. Kf2 Rc2 53. Re1 Kd3 54.
Kf3 Rd2 55. Kf2 Ra2 56. Kf3 Rb2 57. Kf2 Ra2 58. Kf3 Rxa5 59. Rxe2 Rb5 60. Re6 a5
61. Kg4 a4 0-1

[Event "Women's Speed Chess Q4"]
[Site "chess.com INT"]
[Date "2021.06.03"]
[Round "8"]
[White "Nandhidhaa, P V"]
[Black "Nguyen, Thi Mai Hung"]
[Result "0-1"]
[WhiteTitle "WGM"]
[BlackTitle "WGM"]
[WhiteElo "2365"]
[BlackElo "2254"]
[WhiteFideId "5050847"]
[BlackFideId "12401676"]
[EventDate "2021.06.03"]

1. e4 e6 2. d4 d5 3. Bd3 c5 4. Ne2 Nc6 5. exd5 exd5 6. dxc5 Bxc5 7. O-O Nf6 8.
h3 O-O 9. Bf4 Re8 10. Nd2 Ne4 11. c3 Bf5 12. Nf3 Qb6 13. Bxe4 dxe4 14. Nfd4 Bg6
15. Qb3 Rad8 16. Qxb6 Bxb6 17. Nxc6 bxc6 18. Rfd1 f5 19. Nd4 c5 20. Nc6 Rxd1+
21. Rxd1 Bf7 22. b3 Be6 23. c4 h6 24. h4 Kf7 25. a4 Rc8 26. Ne5+ Ke7 27. Ng6+
Kf6 28. h5 Rd8 29. Be5+ Kf7 30. Rxd8 Bxd8 31. Bd6 Bb6 32. a5 Bxa5 33. Bxc5 a6
34. Nf4 Bd7 35. Nd5 Bc6 36. Nb4 Bb7 37. Nc2 Ke6 38. b4 Bc7 39. Bd4 Kf7 40. Kf1
Bd8 41. Ne3 f4 42. Nd5 Bxd5 43. cxd5 Bc7 44. Ke2 g5 45. hxg6+ Kxg6 46. Bc5 Kf5
47. d6 Bd8 48. Bd4 Ke6 49. Bc5 Kd5 50. g3 f3+ 51. Kd2 Bg5+ 52. Ke1 Kc6 53. Kd1
Bf6 54. Kc2 Be5 55. Kd1 Bxd6 56. Bxd6 Kxd6 57. Kd2 Ke5 58. Ke3 h5 59. Kd2 Kd4
60. Kc2 Kc4 61. Kd2 Kxb4 62. Ke3 a5 63. Kxe4 a4 64. Kxf3 a3 65. g4 hxg4+ 66.
Kxg4 a2 67. f4 a1=Q 68. f5 Qf6 69. Kf4 Kc5 70. Ke4 Kd6 71. Kf4 Kd5 72. Kg4 Ke5
73. Kg3 Qxf5 74. Kh4 Qg6 75. Kh3 Kf4 0-1

[Event "Women's Speed Chess Q4"]
[Site "chess.com INT"]
[Date "2021.06.03"]
[Round "8"]
[White "Cori T., Deysi"]
[Black "Vo, Thi Kim Phung"]
[Result "0-1"]
[WhiteTitle "WGM"]
[BlackTitle "WGM"]
[WhiteElo "2388"]
[BlackElo "2335"]
[WhiteFideId "3801934"]
[BlackFideId "12401838"]
[EventDate "2021.06.03"]

1. Nf3 Nf6 2. d4 e6 3. e3 b6 4. Bd3 Bb7 5. O-O Be7 6. c4 O-O 7. Nc3 d5 8. cxd5
exd5 9. b3 Re8 10. Bb2 a6 11. Rc1 Nbd7 12. Ne5 Bd6 13. f4 Nf8 14. Kh1 c5 15. Na4
Rc8 16. Bb1 Ne4 17. dxc5 bxc5 18. Nc3 Bxe5 19. fxe5 Nxc3 20. Bxc3 Qg5 21. Rf3
Ng6 22. Rg3 Qh4 23. Rh3 Qg5 24. Rg3 Qh4 25. Bf5 Rc7 26. Be1 Qe7 27. Ba5 Rc6 28.
Qxd5 Qxe5 29. Qxe5 Nxe5 30. Bc3 g6 31. Bc2 c4 32. b4 Rce6 33. Rd1 h5 34. h3 Bc6
35. Kh2 Nd7 36. Bd4 Ne5 37. Rg5 Nd7 38. Ra5 Bb5 39. a4 Bc6 40. Rxa6 Nb8 41. Ra7
Be4 42. Bxe4 Rxe4 43. Rc1 Nc6 44. Rc7 Nxd4 45. exd4 Re2 46. R7xc4 Rd2 47. R1c2
Rd1 48. Rc1 Rd2 49. R1c2 Rd1 50. b5 h4 51. Rc1 Rd2 52. d5 Ree2 53. Rg4 Kh7 54.
Rg1 Kg7 55. Rxh4 Rxd5 56. Rg4 Ra2 57. Rf1 Rc5 58. Rgf4 f5 59. R1f2 Ra3 60. R4f3
Ra1 61. Rf4 Rcc1 62. Rd4 Rh1+ 63. Kg3 Rhb1 64. h4 Rb3+ 65. Kh2 Kh6 66. Rd8 Kh5
67. Rh8+ Kg4 68. Rh6 g5 69. Rg6 Kxh4 70. Rxf5 Rbb1 0-1

[Event "Women's Speed Chess Q4"]
[Site "chess.com INT"]
[Date "2021.06.03"]
[Round "8"]
[White "Vu, Bui Thi Thanh Van"]
[Black "Jakubowska, Anna"]
[Result "1-0"]
[WhiteTitle "WFM"]
[BlackTitle "WIM"]
[WhiteElo "1750"]
[BlackElo "2073"]
[WhiteFideId "12408921"]
[BlackFideId "1121952"]
[EventDate "2021.06.03"]

1. d4 d5 2. Nf3 Nf6 3. e3 c6 4. Bd3 Bg4 5. c4 e6 6. h3 Bxf3 7. Qxf3 Nbd7 8. O-O
Bd6 9. Bd2 O-O 10. Nc3 dxc4 11. Bxc4 e5 12. d5 Nb6 13. Bb3 cxd5 14. Nxd5 Nbxd5
15. Bxd5 Bc5 16. e4 Nxd5 17. exd5 f5 18. Bc3 e4 19. Qg3 Qd7 20. Rad1 f4 21. Qg5
Rf5 22. Qg4 Raf8 23. Kh1 Bd6 24. Rfe1 Qe7 25. Rd4 e3 26. Qf3 Re5 27. Rxf4 Rxf4
28. Qxf4 Re4 29. Qf3 e2 30. g3 h6 31. Kg2 a6 32. Qd3 b5 33. Bd2 Re5 34. f4 Re4
35. Kf3 Rc4 36. Rxe2 Qf7 37. b3 Rc8 38. Re6 Bb8 39. Re2 Rd8 40. Qe4 Qxd5 41. Bc3
Qd3+ 42. Qe3 Qd5+ 43. Qe4 Qd3+ 44. Qe3 Qd5+ 45. Kf2 Qd7 46. Qe6+ Qxe6 47. Rxe6
Kf7 48. Re2 Ba7+ 49. Kg2 Rd3 50. Be5 a5 51. Rc2 Bb6 52. Rc6 Bd8 53. Ra6 Rd2+ 54.
Kf3 Rxa2 55. Ra7+ Ke6 56. Rxg7 Ra3 57. Rg6+ Kd5 58. Rd6+ Kc5 59. Rxd8 Rxb3+ 60.
Kg4 a4 61. f5 a3 62. f6 Rb4+ 63. Kf5 Ra4 64. f7 a2 65. f8=Q+ Kc4 66. Rc8+ Kb3
67. Qf7+ Ka3 68. Rc3+ Kb4 69. Qb3+ Ka5 70. Bc7+ Ka6 71. Rc6+ Kb7 72. Qxb5+ Kc8
73. Bd6+ Kd7 74. Rc7+ Kxd6 75. Qc5# 1-0

[Event "Women's Speed Chess Q4"]
[Site "chess.com INT"]
[Date "2021.06.03"]
[Round "8"]
[White "Tarasova, Viktoriya"]
[Black "Mohota, Nisha"]
[Result "1-0"]
[WhiteTitle "WIM"]
[BlackTitle "IM"]
[WhiteElo "2226"]
[BlackElo "2195"]
[WhiteFideId "4175840"]
[BlackFideId "5004330"]
[EventDate "2021.06.03"]

1. d4 d5 2. c4 e6 3. Nc3 Nf6 4. cxd5 exd5 5. Bg5 c6 6. Qc2 Bd6 7. e3 O-O 8. Bd3
h6 9. Bh4 a5 10. Nge2 Na6 11. a3 Nc7 12. Bg3 Re8 13. O-O Ne6 14. Rae1 Ng5 15.
Bxd6 Qxd6 16. Ng3 Bd7 17. f3 Rac8 18. Qf2 Ne6 19. Nf5 Qf8 20. e4 g6 21. Ng3 Nf4
22. Bb1 c5 23. dxc5 Qxc5 24. Qxc5 Rxc5 25. e5 N6h5 26. Nxh5 Nxh5 27. f4 Ng7 28.
Rd1 Be6 29. Rd4 Rc4 30. Rfd1 Rec8 31. g3 Rxd4 32. Rxd4 Rc4 33. Rd1 Kf8 34. Kf2
Rc5 35. Ke3 Ke7 36. Rd2 b6 37. Kf2 Kd7 38. Ba2 Kc6 39. Ne2 Nf5 40. Bb1 Ne7 41.
Nd4+ Kd7 42. Rd1 Bg4 43. Re1 Be6 44. Ke3 b5 45. Rd1 b4 46. axb4 axb4 47. Re1 Nc6
48. Nxc6 Kxc6 49. Rd1 b3 50. Bd3 Kb6 51. Ra1 Rc6 52. Ra6+ Kc7 53. Rxc6+ Kxc6 54.
Kd4 Kb6 55. Kc3 Kc5 56. Kxb3 Kd4 57. Kc2 Ke3 58. b4 d4 59. b5 Bd5 60. b6 Kf2 61.
Ba6 Kg2 62. Kd3 Kxh2 63. Kxd4 Bh1 64. b7 Bxb7 65. Bxb7 Kxg3 66. Ke3 h5 67. Bd5
h4 68. Bxf7 h3 69. Bd5 h2 70. e6 Kg4 71. e7 g5 72. e8=Q h1=Q 73. Bxh1 gxf4+ 74.
Kf2 f3 75. Qf8 Kg5 76. Qxf3 Kh4 77. Kg2 Kg5 78. Qg3+ Kh6 79. Kf2 Kh5 80. Kf3 Kh6
81. Kf4 Kh7 82. Kf5 Kh8 83. Kf6 Kh7 84. Qg7# 1-0

[Event "Women's Speed Chess Q4"]
[Site "chess.com INT"]
[Date "2021.06.03"]
[Round "8"]
[White "Szente Varga, Fruzsina"]
[Black "Obregon Garcia, Roxangel"]
[Result "0-1"]
[WhiteTitle "WFM"]
[BlackTitle "WIM"]
[WhiteElo "2100"]
[BlackElo "2167"]
[WhiteFideId "712264"]
[BlackFideId "3520420"]
[EventDate "2021.06.03"]

1. e4 c5 2. Nf3 Nc6 3. Bb5 g6 4. Nc3 Bg7 5. O-O e5 6. d3 Nge7 7. Bg5 f6 8. Be3
d6 9. h3 O-O 10. Bc4+ Kh8 11. Nd5 Nxd5 12. Bxd5 Ne7 13. Bb3 Qc7 14. c3 h6 15.
Qd2 Kh7 16. Rac1 f5 17. Qe2 f4 18. Bd2 g5 19. Nh2 Ng6 20. f3 Nh4 21. Rfd1 h5 22.
Be1 Ng6 23. Bf2 Bf6 24. d4 Bd7 25. Kh1 Rh8 26. dxc5 Kg7 27. Rxd6 Rad8 28. Rcd1
Qc8 29. Qc4 Rhf8 30. Nf1 g4 31. hxg4 hxg4 32. Kg1 g3 33. Bxg3 fxg3 34. Nxg3 Bh4
35. Nh5+ Kh6 36. g4 Rxf3 37. Qe2 Rff8 38. Qd2+ Bg5 39. Qh2 Qxc5+ 40. Kh1 Rf2 41.
Nf6+ Rxh2+ 42. Kxh2 Qf2+ 43. Kh1 Qf3+ 44. Kg1 Be3+ 45. Kh2 Bf4+ 46. Kg1 Qg3+ 47.
Kf1 Bb5+ 48. c4 Rxd6 49. Rxd6 Qh3+ 50. Kf2 Qh2+ 51. Kf3 Qg3+ 52. Ke2 Qg2+ 53.
Ke1 Qg1+ 54. Ke2 Qe3+ 55. Kf1 Qf3+ 56. Ke1 Nh4 57. Nd5+ Kg7 58. Nxf4 exf4 59.
cxb5 Ng2+ 60. Kd2 Qe3+ 61. Kc2 Ne1+ 62. Kb1 f3 63. Rd7+ Kg6 64. Bf7+ Kf6 65. Bb3
Qxe4+ 66. Ka1 Qe3 67. a3 f2 68. Ka2 Kg5 69. Rg7+ Kh4 70. Rf7 Qe2 71. Rh7+ Kg3
72. Rf7 f1=Q 73. Rxf1 Qxf1 74. g5 Nd3 75. Bc4 Qe2 76. Bxd3 Qxd3 77. g6 Qxg6 78.
b6 Qe6+ 79. b3 axb6 80. a4 Qe2+ 81. Ka3 b5 82. axb5 Qxb5 83. Kb2 b6 84. Ka2 Kf3
85. Kb2 Ke3 0-1

[Event "Women's Speed Chess Q4"]
[Site "chess.com INT"]
[Date "2021.06.03"]
[Round "9"]
[White "Gevorgyan, Maria"]
[Black "Papp, Petra"]
[Result "1-0"]
[WhiteTitle "WGM"]
[BlackTitle "WGM"]
[WhiteElo "2219"]
[BlackElo "2336"]
[WhiteFideId "13300270"]
[BlackFideId "739049"]
[EventDate "2021.06.03"]

1. e4 c6 2. d4 d5 3. Nc3 dxe4 4. Nxe4 Nf6 5. Nxf6+ exf6 6. Nf3 Bd6 7. Be3 O-O 8.
Bd3 Bg4 9. c3 Re8 10. Qd2 Na6 11. O-O-O b5 12. h3 Bxf3 13. gxf3 Nc7 14. Qc2 g6
15. h4 Nd5 16. h5 f5 17. hxg6 fxg6 18. Bxf5 Nxe3 19. fxe3 gxf5 20. Rdg1+ Kh8 21.
Rxh7+ Kxh7 22. Qxf5+ Kh8 23. Qh5# 1-0

[Event "Women's Speed Chess Q4"]
[Site "chess.com INT"]
[Date "2021.06.03"]
[Round "9"]
[White "Nurmanova, Alua"]
[Black "Vargas, Gabriela"]
[Result "1-0"]
[WhiteTitle "WFM"]
[BlackTitle "WIM"]
[WhiteElo "2008"]
[BlackElo "2170"]
[WhiteFideId "13729390"]
[BlackFideId "3700860"]
[EventDate "2021.06.03"]

1. e4 e6 2. d4 d5 3. Nc3 Nf6 4. e5 Nfd7 5. f4 c5 6. Nf3 Nc6 7. Be3 Be7 8. Qd2 a6
9. dxc5 Bxc5 10. O-O-O b5 11. Bd3 Qb6 12. Bxc5 Nxc5 13. Ne2 b4 14. Ned4 Bd7 15.
Nxc6 Bxc6 16. Nd4 a5 17. f5 a4 18. Qg5 Nxd3+ 19. Rxd3 a3 20. b3 g6 21. fxe6 fxe6
22. Qf6 Kd7 23. Qg7+ 1-0

[Event "Women's Speed Chess Q4"]
[Site "chess.com INT"]
[Date "2021.06.03"]
[Round "9"]
[White "Pourkashiyan, Atousa"]
[Black "Ziegenfuss, Antonia"]
[Result "1-0"]
[WhiteTitle "WGM"]
[BlackTitle "WFM"]
[WhiteElo "2322"]
[BlackElo "2157"]
[WhiteFideId "12502014"]
[BlackFideId "12962554"]
[EventDate "2021.06.03"]

1. e4 c5 2. Nf3 e6 3. d4 cxd4 4. Nxd4 Nc6 5. Nc3 Qc7 6. Be2 a6 7. O-O Nf6 8. Be3
Bb4 9. Na4 Be7 10. c4 Nxe4 11. c5 O-O 12. Rc1 d5 13. cxd6 Bxd6 14. h3 Rd8 15.
Bf3 Nf6 16. Qe1 Bd7 17. Nxc6 bxc6 18. Bb6 Qb7 19. Bxd8 Rxd8 20. b3 Nd5 21. Nc5
Qa7 22. Qa5 Bc8 23. Qxd8+ 1-0

[Event "Women's Speed Chess Q4"]
[Site "chess.com INT"]
[Date "2021.06.03"]
[Round "9"]
[White "Linares Napoles, Oleiny"]
[Black "Batsiashvili, Nino"]
[Result "1/2-1/2"]
[WhiteTitle "WGM"]
[BlackTitle "GM"]
[WhiteElo "2255"]
[BlackElo "2491"]
[WhiteFideId "3504794"]
[BlackFideId "13602993"]
[EventDate "2021.06.03"]

1. d4 f5 2. Bf4 Nf6 3. e3 g6 4. Nf3 Bg7 5. c4 O-O 6. h3 d6 7. Nc3 c6 8. Be2 Qe8
9. O-O Nbd7 10. d5 Nc5 11. Nd4 Bd7 12. Rc1 a5 13. b3 h6 14. Bh2 g5 15. a3 Qg6
16. b4 axb4 17. axb4 Nce4 18. Nxe4 fxe4 19. Ne6 Bxe6 20. dxe6 Qf5 21. c5 d5 22.
b5 Qxe6 23. bxc6 bxc6 24. Qb3 Rfb8 25. Bxb8 g4 26. hxg4 Nxg4 27. Bg3 Ne5 28. Rb1
Rf8 29. Bxe5 Bxe5 30. g3 Qh3 31. Rb2 Bxg3 32. fxg3 Qxg3+ 33. Kh1 Qh3+ 34. Kg1
Qg3+ 35. Kh1 Qh3+ 36. Kg1 Qg3+ 1/2-1/2

[Event "Women's Speed Chess Q4"]
[Site "chess.com INT"]
[Date "2021.06.03"]
[Round "9"]
[White "Tarasova, Viktoriya"]
[Black "Kulkarni, Bhakti"]
[Result "0-1"]
[WhiteTitle "WIM"]
[BlackTitle "IM"]
[WhiteElo "2226"]
[BlackElo "2391"]
[WhiteFideId "4175840"]
[BlackFideId "5019516"]
[EventDate "2021.06.03"]

1. d4 Nf6 2. c4 c5 3. d5 b5 4. cxb5 a6 5. bxa6 d6 6. Nc3 g6 7. e4 Bg7 8. Nf3 O-O
9. a7 Rxa7 10. Bd3 Ba6 11. O-O Bxd3 12. Qxd3 Na6 13. a4 Nb4 14. Qe2 Qb6 15. Nd2
Rb8 16. Nc4 Qa6 17. Bg5 Nc2 18. Nb5 Nxa1 19. Nxa7 Qxa7 20. Rxa1 Qa6 21. Qc2 Rb4
22. Nd2 Ng4 23. Qd1 Bxb2 24. Rb1 Nf6 25. Bxf6 Bxf6 26. Rxb4 cxb4 27. Nf1 Qc4 28.
h3 b3 29. a5 b2 30. Nd2 Qc1 0-1

[Event "Women's Speed Chess Q4"]
[Site "chess.com INT"]
[Date "2021.06.03"]
[Round "9"]
[White "Jakubowska, Anna"]
[Black "Head, Louise"]
[Result "0-1"]
[WhiteTitle "WIM"]
[BlackTitle "WFM"]
[WhiteElo "2073"]
[BlackElo "2090"]
[WhiteFideId "1121952"]
[BlackFideId "424773"]
[EventDate "2021.06.03"]

1. e4 c6 2. d4 d5 3. e5 Bf5 4. Nf3 e6 5. Be2 h6 6. O-O Ne7 7. Nbd2 Nd7 8. Nb3
Bh7 9. a4 Nf5 10. a5 Be7 11. a6 b6 12. c4 dxc4 13. Bxc4 Rc8 14. Be3 Nxe3 15.
fxe3 O-O 16. Bd3 Bxd3 17. Qxd3 c5 18. Rac1 Nb8 19. Rfd1 cxd4 20. exd4 Qd7 21. d5
Rxc1 22. Nxc1 exd5 23. Qxd5 Qxd5 24. Rxd5 Nxa6 25. Rd7 Bc5+ 26. Kf1 b5 27. Nd3
Bb6 28. Nd4 b4 29. Nf5 Nc5 30. Nxc5 Bxc5 31. Ke2 Re8 32. Rd5 Bb6 33. Kf3 Kh7 34.
Rd7 Rxe5 35. Kf4 Re2 36. Rxf7 Rxg2 37. h4 h5 38. Ng3 Rf2+ 0-1

[Event "Women's Speed Chess Q4"]
[Site "chess.com INT"]
[Date "2021.06.03"]
[Round "9"]
[White "Farhat Willemstein, Stela Souza"]
[Black "Torres Hernandez, Leslie Carolin"]
[Result "0-1"]
[WhiteTitle "WFM"]
[BlackTitle "WFM"]
[WhiteElo "1758"]
[BlackElo "1884"]
[WhiteFideId "2109808"]
[BlackFideId "8400504"]
[EventDate "2021.06.03"]

1. e4 c6 2. d4 d5 3. e5 Bf5 4. Nf3 e6 5. Bd3 Ne7 6. O-O Nd7 7. c3 Bxd3 8. Qxd3
c5 9. Be3 Nf5 10. Bg5 Be7 11. Bxe7 Qxe7 12. h3 O-O 13. Re1 cxd4 14. cxd4 Rac8
15. Nc3 a6 16. a3 Nb6 17. g4 Nh4 18. Nxh4 Qxh4 19. Ne2 Nc4 20. b3 Na5 21. Nf4
Rc7 22. Rac1 Rfc8 23. Rxc7 Rxc7 24. b4 Nc4 25. Rc1 Qg5 26. Ne2 h5 27. f3 hxg4
28. hxg4 f5 29. Kf2 fxg4 30. fxg4 Rf7+ 31. Ke1 Qxg4 32. Kd1 Nb2+ 33. Kc2 Nxd3
34. Kxd3 Qf3+ 0-1